| 000 | 00967nam a22003135b 4500 | ||
|---|---|---|---|
| 001 | bimo0002218387 | ||
| 003 | SpMaBN | ||
| 005 | 20180220141331.0 | ||
| 008 | 940405s1993 sp | |||| ||spa | ||
| 016 | 7 |
_abimoBNE19940090032 _2SpMaBN |
|
| 017 |
_aM 14493-1993 _bOficina Depósito Legal Madrid |
||
| 020 | _a8434840472 | ||
| 035 | _a(OCoLC)434364971 | ||
| 040 |
_aSpMaBN _bspa _cSpMaBN _erdc |
||
| 041 | 1 |
_aspa _hbaq |
|
| 080 | 0 | _a087.5:82 | |
| 100 | 1 |
_aAtxaga, Bernardo _d1951- |
|
| 240 | 1 | 0 |
_aBehi euskaldun baten memoriak _lespañol |
| 245 | 1 | 0 |
_aMemorias de una vaca / _cBernardo Atxaga ; traducción Aránzazu Sabán _h |
| 250 | _a6ª ed. | ||
| 260 |
_aMadrid : _bSM, _c1993 |
||
| 300 |
_a170 p. ; _c19 cm |
||
| 490 |
_aEl barco de vapor. _aSerie roja _v72 |
||
| 700 | 1 |
_aSabán, Arantxa _e tr. |
|
| 830 |
_a El barco de vapor _pSerie roja _v72 |
||
| 942 |
_2ddc _cBK |
||
| 945 | _aInventariado, 2018 / BT | ||
| 956 |
_aVMATEO _210 _320160420 _6BPMSU |
||
| 999 |
_c9867 _d9867 |
||